On wings of eagles (Record no. 115483)
[ view plain ]
| 000 -LEADER | |
|---|---|
| fixed length control field | 00470nam a2200181 a 4500 |
| 003 - CONTROL NUMBER IDENTIFIER | |
| control field | PILC |
| 005 - DATE AND TIME OF LATEST TRANSACTION | |
| control field | 20160126143354.0 |
| 008 - FIXED-LENGTH DATA ELEMENTS--GENERAL INFORMATION | |
| fixed length control field | 060309s19uu xx 00 eng d |
| 020 ## - INTERNATIONAL STANDARD BOOK NUMBER | |
| International Standard Book Number | 0451145054 |
| 050 ## - LIBRARY OF CONGRESS CALL NUMBER | |
| Classification number | E 183.8.I55 |
| Item number | .F65 1984 |
| 100 ## - MAIN ENTRY--PERSONAL NAME | |
| Personal name | Follett, Ken |
| 245 ## - TITLE STATEMENT | |
| Title | On wings of eagles |
| Statement of responsibility, etc | Ken Follett. |
| 260 ## - PUBLICATION, DISTRIBUTION, ETC. (IMPRINT) | |
| Place of publication, distribution, etc | New York : |
| Name of publisher, distributor, etc | New American Library, |
| Date of publication, distribution, etc | 1983. |
| 300 ## - PHYSICAL DESCRIPTION | |
| Extent | 413 p. : |
| Dimensions | 17 cm. |
| 500 ## - GENERAL NOTE | |
| General note | "A Signet Book". |
| 942 ## - ADDED ENTRY ELEMENTS (KOHA) | |
| Koha item type | Books |
| Source of classification or shelving scheme | Library of Congress Classification |
| Withdrawn status | Lost status | Source of classification or shelving scheme | Damaged status | Home library | Current library | Shelving location | Date acquired | Sub Shelving location | Total Checkouts | Full call number | Barcode | Date last seen | Copy number | Price effective from | Koha item type |
|---|---|---|---|---|---|---|---|---|---|---|---|---|---|---|---|
| Library of Congress Classification | Luxembourg Library | Luxembourg Library | Fiction Section | 04/24/2014 | E 183.8.I55 .F65 1984 | 6852 | 07/26/2016 | 1 | 04/24/2014 | Books |